书目信息 |
| 题名: |
众源地理信息可信度计算模型
|
|
| 作者: | 赵肄江 , 周晓光 著 | |
| 分册: | ||
| 出版信息: | 北京 测绘出版社 2022.03 |
|
| 页数: | 146页 | |
| 开本: | 24cm | |
| 丛书名: | ||
| 单 册: | ||
| 中图分类: | P208.2 | |
| 科图分类: | ||
| 主题词: | 地理信息系统--di li xin xi xi tong--系统建模--研究 | |
| 电子资源: | ||
| ISBN: | 978-7-5030-4091-7 | |
| 000 | 01343nam0 2200277 450 | |
| 001 | 58763 | |
| 005 | 20250913133858.64 | |
| 010 | @a978-7-5030-4091-7@dCNY68.00 | |
| 100 | @a20220705d2022 em y0chiy50 ea | |
| 101 | 0 | @achi@eeng |
| 102 | @aCN@b110000 | |
| 105 | @aa a 000yy | |
| 106 | @ar | |
| 200 | 1 | @a众源地理信息可信度计算模型@Azhong yuan di li xin xi ke xin du ji suan mo xing@d= Trust degree computation model of crowdsourcing geographic information@f赵肄江, 周晓光著@zeng |
| 210 | @a北京@c测绘出版社@d2022.03 | |
| 215 | @a146页@c图@d24cm | |
| 300 | @a测绘地理信息科技出版资金资助 | |
| 320 | @a有书目 (第138-146页) | |
| 330 | @a本书重点阐述了众源地理信息环境中地理信息的贡献过程、贡献者之间的隐式评价关系及其量化方法, 贡献者初始信誉和评价信誉的计算.影响众源地理信息可信度的主要因素及其量化方法, 顾及贡献者信誉的目标可信度计算模型与方法, 众源地理信息中目标、状态、版本和事件之间的关系、信誉度相关信息间操作的联动关系和联动操作规则, 以及基于众源地理信息可信度的VGI数据清洗等理论与方法。 | |
| 510 | 1 | @aTrust degree computation model of crowdsourcing geographic information@zeng |
| 606 | 0 | @a地理信息系统@Adi li xin xi xi tong@x系统建模@x研究 |
| 690 | @aP208.2@v5 | |
| 701 | 0 | @a赵肄江@Azhao yi jiang@4著 |
| 701 | 0 | @a周晓光@Azhou xiao guang@4著 |
| 801 | 0 | @aCN@c20250909 |
| 905 | @a河南城建学院图书馆@dP208.2@eZ340@f2 | |
| 众源地理信息可信度计算模型= Trust degree computation model of crowdsourcing geographic information/赵肄江, 周晓光著.-北京:测绘出版社,2022.03 |
| 146页:图;24cm |
| 测绘地理信息科技出版资金资助 |
| ISBN 978-7-5030-4091-7:CNY68.00 |
| 本书重点阐述了众源地理信息环境中地理信息的贡献过程、贡献者之间的隐式评价关系及其量化方法, 贡献者初始信誉和评价信誉的计算.影响众源地理信息可信度的主要因素及其量化方法, 顾及贡献者信誉的目标可信度计算模型与方法, 众源地理信息中目标、状态、版本和事件之间的关系、信誉度相关信息间操作的联动关系和联动操作规则, 以及基于众源地理信息可信度的VGI数据清洗等理论与方法。 |
| ● |
| 相关链接 |
|
|
|
正题名:众源地理信息可信度计算模型
索取号:P208.2/Z340
 
预约/预借
| 序号 | 登录号 | 条形码 | 馆藏地/架位号 | 状态 | 备注 |
| 1 | 1638306 | 216383063 | 自科库401/401自科库 119排1列5层/ [索取号:P208.2/Z340] | 在馆 |